000 00290nam a22001337a 4500
008 181205b xxu||||| |||| 00| 0 eng d
020 _a9780896600010
041 _aeng
080 _a701
100 _a44
101 _aART
245 _aAmerican Impressionism
_cLowell,A
942 _2udc
_cBK
999 _c52833
_d52833